00493nam a2200169 a 4500020001800000082001300018100001900031245002600050260003300076300000900109500003500118505001000153650003200163942000700195952010600202999001500308 a1555400 00a291bCAR aCarman, John B aTracing Common Themes aGeorgiabScholar Pressc1991 a318p aincludes index and biblioraphy2 aIndex aReligion-Study and Teaching cBK 00104070aHMIbHMId2007-07-31g1541.54l1o291 CARp014933r2025-12-12s2025-07-16w2026-01-16yBK c8647d8647